[Event "DEM U12 2005"]
[Site "Willingen GER"]
[Date "2005.05.20"]
[Round "9"]
[White "Micklich, Rahel"]
[Black "März, Julian"]
[Result "0-1"]
[Termination "normal"]
[Board "34"]
[WhiteElo "1294"]
[BlackElo "1439"]
[PlyCount "88"]
[WhiteFideId "24639184"]
[BlackFideId "24646172"]
[EventCountry "GER"]
[EventRounds "11"]
[EventType "swiss"]
[EventDate "2005.05.15"]

1. d4 e6 2. c4 c5 3. d5 exd5 4. cxd5 d6 5. Nc3 g6 6. e4 a6 7. Nf3 Bg7 8. Qc2
Bg4 9. Be2 Ne7 10. h3 Bxf3 11. Bxf3 b5 12. a3 Nd7 13. Bf4 Ne5 14. Be2 O-O 15.
Qd2 Re8 16. g4 Nc8 17. h4 Nb6 18. Qc1 b4 19. Bxe5 Bxe5 20. Nd1 Qe7 21. axb4
cxb4 22. Rxa6 Rxa6 23. Bxa6 Bf6 24. Qe3 Qxe4 25. Qxe4 Rxe4+ 26. Be2 Nxd5 27. f3
Re8 28. Nf2 Nf4 29. Ne4 Bg7 30. Rh2 d5 31. Nd6 Rxe2+ 32. Rxe2 Nxe2 33. Kxe2
Bxb2 34. Nb5 Bc3 35. Kd3 d4 36. Nxd4 Bxd4 37. Kxd4 Kg7 38. Kc4 Kf6 39. f4 Ke6
40. Kxb4 Kd5 41. h5 Ke4 42. hxg6 fxg6 43. f5 gxf5 44. gxf5 Kxf5 0-1

[Event "DEM U12 2005"]
[Site "Willingen GER"]
[Date "2005.05.20"]
[Round "9"]
[White "Kreiter, Thomas"]
[Black "Tantzen, Cedric"]
[Result "0-1"]
[Termination "normal"]
[Board "35"]
[WhiteElo "1312"]
[BlackElo "1538"]
[PlyCount "52"]
[WhiteFideId "24645591"]
[BlackFideId "24640018"]
[EventCountry "GER"]
[EventRounds "11"]
[EventType "swiss"]
[EventDate "2005.05.15"]

1. e4 e5 2. f4 d5 3. exd5 Qxd5 4. fxe5 Qxe5+ 5. Qe2 Qxe2+ 6. Bxe2 Nf6 7. Nf3
Bd6 8. O-O O-O 9. Nc3 Nc6 10. b3 Bf5 11. d3 Bg6 12. Bb2 Rfe8 13. Rae1 Bc5+ 14.
Kh1 Ng4 15. Nd1 Re7 16. h3 Rae8 17. hxg4 Rxe2 18. Rxe2 Rxe2 19. Re1 Rxe1+ 20.
Nxe1 f6 21. Nf3 Nb4 22. Ba3 Nxd3 23. Bxc5 Nxc5 24. Ne3 Ne6 25. g3 Be4 26. Kg2
Ng5 0-1

[Event "DEM U12 2005"]
[Site "Willingen GER"]
[Date "2005.05.20"]
[Round "9"]
[White "Mytyukova, Yevgeniya"]
[Black "Wolf, Isaak"]
[Result "0-1"]
[Termination "normal"]
[Board "36"]
[WhiteElo "1201"]
[BlackElo "1470"]
[PlyCount "142"]
[EventCountry "GER"]
[EventRounds "11"]
[EventType "swiss"]
[EventDate "2005.05.15"]

1. e4 d5 2. exd5 Qxd5 3. Nc3 Qa5 4. d4 c6 5. Nf3 Bg4 6. Be2 Nf6 7. Be3 e6 8. a3
Bd6 9. O-O O-O 10. Bg5 Bxf3 11. Bxf3 Qxg5 12. Re1 Nbd7 13. Qd3 Rad8 14. Ne4
Nxe4 15. Rxe4 Nf6 16. Re3 Ng4 17. Bxg4 Qxg4 18. Rd1 c5 19. c3 cxd4 20. cxd4 h6
21. Rde1 Bc7 22. Qc3 Qf4 23. g3 Qd6 24. Re4 Bb6 25. Rd1 Qc6 26. Qd3 f5 27. Re2
Rxd4 28. Qb3 Rxd1+ 29. Qxd1 Rd8 30. Qb3 Qd5 31. Qxd5 Rxd5 32. Rxe6 Rd2 33. Re7
Rxf2 34. Kh1 Rxb2 35. Rxb7 Ra2 36. Rd7 Rxa3 37. Rd5 Ra5 38. Rd3 Ra1+ 39. Kg2 a5
40. Kf3 Rf1+ 41. Ke2 Rf2+ 42. Kd1 Rxh2 43. Kc1 a4 44. Ra3 Rg2 45. Rxa4 Rxg3 46.
Ra8+ Kh7 47. Rb8 Be3+ 48. Kd1 Rg2 49. Ke1 f4 50. Rf8 Rf2 51. Re8 f3 52. Rxe3
Re2+ 53. Rxe2 fxe2 54. Kxe2 g5 55. Kf3 Kg6 56. Kg4 h5+ 57. Kg3 g4 58. Kh4 Kh6
59. Kg3 Kg5 60. Kg2 h4 61. Kh2 g3+ 62. Kh3 Kh5 63. Kg2 Kg4 64. Kg1 h3 65. Kf1
Kf3 66. Kg1 h2+ 67. Kh1 g2+ 68. Kxh2 Kf2 69. Kh3 g1=Q 70. Kh4 Qg6 71. Kh3 Qh5#
0-1

[Event "DEM U12 2005"]
[Site "Willingen GER"]
[Date "2005.05.20"]
[Round "9"]
[White "Pantusenko, Valeria"]
[Black "Falke, Cynthia"]
[Result "1-0"]
[Termination "normal"]
[Board "37"]
[WhiteElo "1459"]
[BlackElo "1190"]
[PlyCount "87"]
[WhiteFideId "4662920"]
[BlackFideId "24600644"]
[EventCountry "GER"]
[EventRounds "11"]
[EventType "swiss"]
[EventDate "2005.05.15"]

1. e4 e5 2. Nf3 Nc6 3. Nc3 Bb4 4. Bb5 Nge7 5. O-O d6 6. d4 a6 7. Bc4 b5 8. Bb3
Bb7 9. Ng5 O-O 10. Qh5 h6 11. Nxf7 Rxf7 12. Qxf7+ Kh8 13. d5 Nd4 14. Re1 a5 15.
a3 Bc5 16. Be3 a4 17. Bxd4 exd4 18. Nxb5 axb3 19. cxb3 Ba6 20. a4 Bxb5 21. axb5
Rb8 22. Red1 Rxb5 23. Rd3 Rb8 24. Rf3 Ng8 25. Re1 Ra8 26. g3 Nf6 27. e5 dxe5
28. Rxe5 Bd6 29. Re6 Bc5 30. Rc6 Bb6 31. Rfxf6 gxf6 32. Rxf6 Qxf6 33. Qxf6+ Kh7
34. d6 cxd6 35. Qxd6 Ba7 36. Qd7+ Kg6 37. Qc6+ Kf5 38. Qxa8 Bb6 39. Qf8+ Ke4
40. Qxh6 Bc5 41. Qc6+ Kd3 42. Qxc5 Ke4 43. h4 d3 44. Qe3+ 1-0

[Event "DEM U12 2005"]
[Site "Willingen GER"]
[Date "2005.05.20"]
[Round "9"]
[White "Lebek, Ricarda"]
[Black "Schwarzat, Julian"]
[Result "0-1"]
[Termination "normal"]
[Board "39"]
[WhiteElo "1394"]
[BlackElo "1185"]
[PlyCount "96"]
[WhiteFideId "4624688"]
[BlackFideId "24675857"]
[EventCountry "GER"]
[EventRounds "11"]
[EventType "swiss"]
[EventDate "2005.05.15"]

1. e4 e6 2. d4 d5 3. exd5 exd5 4. Nc3 c6 5. Bd3 Bd6 6. Nge2 Ne7 7. Be3 Bf5 8.
f3 Nd7 9. g4 Bxd3 10. Qxd3 Qc7 11. O-O-O O-O-O 12. Qd2 Nb6 13. Bf4 Nc4 14. Bxd6
Qxd6 15. Qf4 Qxf4+ 16. Nxf4 Ng6 17. Nxg6 hxg6 18. b3 Nd6 19. h4 Rde8 20. Kd2
Re6 21. Na4 b6 22. Nb2 Nb5 23. c3 Rhe8 24. Rde1 Rxe1 25. Rxe1 Rxe1 26. Kxe1
Nxc3 27. a4 Na2 28. Kd2 Nb4 29. Ke3 Na6 30. Nd3 f6 31. Nf4 Kd7 32. Nxg6 Nc7 33.
Nf4 Ke7 34. Kd3 a5 35. Nh3 Ne6 36. f4 c5 37. dxc5 bxc5 38. f5 Nd4 39. Nf4 Kd6
40. Kc3 Nf3 41. Ng6 Ne5 42. g5 fxg5 43. hxg5 Nxg6 44. fxg6 Ke5 45. Kd3 Kf5 46.
Ke3 Kxg5 47. Kf3 d4 48. Ke4 Kxg6 0-1

[Event "DEM U12 2005"]
[Site "Willingen GER"]
[Date "2005.05.20"]
[Round "9"]
[White "Lindner, Robert"]
[Black "Weißenburg, Isabel"]
[Result "1-0"]
[Termination "normal"]
[Board "40"]
[WhiteElo "1391"]
[BlackElo "1146"]
[PlyCount "69"]
[WhiteFideId "24658847"]
[BlackFideId "4612922"]
[EventCountry "GER"]
[EventRounds "11"]
[EventType "swiss"]
[EventDate "2005.05.15"]

1. e4 d5 2. exd5 Nf6 3. Bb5+ Bd7 4. Be2 Nxd5 5. d4 Nc6 6. Nf3 h6 7. O-O e6 8.
a3 Bd6 9. c4 Nf6 10. Nc3 Qc8 11. b4 a6 12. Bb2 O-O 13. Re1 Re8 14. Bf1 Na7 15.
Ne4 Nxe4 16. Rxe4 Bc6 17. Rh4 b5 18. d5 exd5 19. cxd5 Bb7 20. Qd4 f6 21. Re1
Rxe1 22. Nxe1 Be5 23. Qd2 Bxb2 24. Qxb2 Bxd5 25. Nd3 Qd8 26. Nc5 Nc6 27. Qc3
Ne5 28. Qg3 Kf7 29. f4 Ng6 30. Rg4 Be4 31. Nxe4 Qd4+ 32. Nf2 Qa1 33. Rxg6 Re8
34. Rxg7+ Ke6 35. Qe3+ 1-0

[Event "DEM U12 2005"]
[Site "Willingen GER"]
[Date "2005.05.20"]
[Round "9"]
[White "Nguyen Minh, Thuy"]
[Black "Lauer, Florian"]
[Result "1-0"]
[Termination "normal"]
[Board "41"]
[WhiteElo "1328"]
[BlackElo "1382"]
[PlyCount "47"]
[WhiteFideId "24672688"]
[BlackFideId "12910074"]
[EventCountry "GER"]
[EventRounds "11"]
[EventType "swiss"]
[EventDate "2005.05.15"]

1. e4 c5 2. Nf3 Nc6 3. d4 cxd4 4. Nxd4 g6 5. c4 Bg7 6. Be3 Nf6 7. Nc3 O-O 8.
Be2 d6 9. Qd2 Re8 10. f3 Bd7 11. h4 Nh5 12. O-O-O Ng3 13. Rh2 Nxe2+ 14. Ndxe2
a5 15. h5 Ne5 16. b3 a4 17. hxg6 Nxg6 18. b4 Be6 19. Rdh1 Bxc4 20. Rxh7 Nf8 21.
Rxg7+ Kxg7 22. Bh6+ Kf6 23. Qg5+ Ke6 24. Qf5# 1-0

[Event "DEM U12 2005"]
[Site "Willingen GER"]
[Date "2005.05.20"]
[Round "9"]
[White "Orhan, Eda"]
[Black "Rau, Carla"]
[Result "1-0"]
[Termination "normal"]
[Board "42"]
[WhiteElo "1366"]
[BlackElo "1063"]
[PlyCount "49"]
[WhiteFideId "24659258"]
[EventCountry "GER"]
[EventRounds "11"]
[EventType "swiss"]
[EventDate "2005.05.15"]

1. e4 c5 2. Nf3 Nc6 3. d4 cxd4 4. Nxd4 g6 5. Nc3 Bg7 6. Be3 Nf6 7. Nxc6 bxc6 8.
e5 Nh5 9. f4 O-O 10. g4 Nf6 11. exf6 Bxf6 12. Qd2 Qa5 13. Bd4 Bh4+ 14. Kd1 d5
15. f5 c5 16. Bf2 Bxf2 17. Qxf2 Rd8 18. fxg6 Bxg4+ 19. Be2 Bxe2+ 20. Qxe2 fxg6
21. Qe6+ Kf8 22. Rf1+ Kg7 23. Qxe7+ Kh6 24. Rf7 Rh8 25. Qh4# 1-0

[Event "DEM U12 2005"]
[Site "Willingen GER"]
[Date "2005.05.20"]
[Round "9"]
[White "von Wardenburg, Jendrik"]
[Black "Riabov, Igor"]
[Result "1/2-1/2"]
[Termination "normal"]
[Board "43"]
[WhiteElo "965"]
[BlackElo "1380"]
[PlyCount "116"]
[EventCountry "GER"]
[EventRounds "11"]
[EventType "swiss"]
[EventDate "2005.05.15"]

1. e4 e6 2. d4 d5 3. e5 c5 4. Nf3 Qb6 5. Bd3 Bd7 6. Qe2 cxd4 7. O-O Nc6 8. Nbd2
Nb4 9. Nb3 Nxd3 10. cxd3 Bc5 11. Bd2 Ne7 12. Rac1 Rc8 13. Bf4 Ng6 14. Bg3 O-O
15. h4 h6 16. h5 Ne7 17. Bf4 Ba4 18. Nxc5 Rxc5 19. Rxc5 Qxc5 20. Rc1 Qb6 21. b3
Bd7 22. Qb2 Nc6 23. Qd2 Kh7 24. Kh2 Qb4 25. Qb2 a5 26. Bd2 Qb6 27. Qa3 Rc8 28.
Qd6 Qc7 29. Qxc7 Rxc7 30. Rc5 b6 31. Rc2 Bc8 32. Nxd4 Bb7 33. Nb5 Rd7 34. Nd6
Nxe5 35. Nxb7 Rxb7 36. Rc3 Ng4+ 37. Kg3 Nf6 38. Kh4 Ne8 39. Rc6 Nc7 40. Be3 Na8
41. Rc8 Nc7 42. Bxb6 Rxb6 43. Rxc7 Rb4+ 44. Kg3 a4 45. bxa4 Rxa4 46. Rxf7 Rxa2
47. Re7 Re2 48. Re8 Re5 49. f3 d4 50. Kf2 Re3 51. Kg3 Re2 52. Rd8 e5 53. Re8
Re3 54. Kf2 Rxd3 55. Rxe5 Kg8 56. Ke2 Ra3 57. Rd5 Ra2+ 58. Kf1 Ra3 1/2-1/2

[Event "DEM U12 2005"]
[Site "Willingen GER"]
[Date "2005.05.20"]
[Round "9"]
[White "Garny, Annica"]
[Black "Stitterich, Nadine"]
[Result "1/2-1/2"]
[Termination "normal"]
[Board "44"]
[WhiteElo "1259"]
[BlackElo "1301"]
[PlyCount "48"]
[WhiteFideId "24600660"]
[BlackFideId "24676527"]
[EventCountry "GER"]
[EventRounds "11"]
[EventType "swiss"]
[EventDate "2005.05.15"]

1. e4 e5 2. Nf3 Nc6 3. Bc4 Bc5 4. d3 d6 5. Be3 Bxe3 6. fxe3 Nf6 7. Nc3 Bg4 8.
Qe2 Qe7 9. O-O-O O-O-O 10. h3 Bd7 11. Nb1 g6 12. c3 Rhf8 13. g4 Na5 14. Na3 Be6
15. Bxe6+ Qxe6 16. c4 Nc6 17. Qd2 Rde8 18. g5 Nh5 19. Rdg1 Qd7 20. Rg4 Re7 21.
d4 Rfe8 22. Re1 f6 23. Qd3 a6 24. Nc2 Na7 1/2-1/2

[Event "DEM U12 2005"]
[Site "Willingen GER"]
[Date "2005.05.20"]
[Round "9"]
[White "Saak, Saskia"]
[Black "Dilz, Jasmin"]
[Result "0-1"]
[Termination "normal"]
[Board "45"]
[WhiteElo "1167"]
[BlackElo "1138"]
[PlyCount "106"]
[EventCountry "GER"]
[EventRounds "11"]
[EventType "swiss"]
[EventDate "2005.05.15"]

1. e4 d5 2. exd5 Qxd5 3. Nc3 Qa5 4. d4 c6 5. Nf3 Bf5 6. Bc4 Nf6 7. Bd2 Qc7 8.
Qe2 e6 9. d5 b5 10. Nd4 bxc4 11. Nxf5 cxd5 12. O-O-O g6 13. Nd4 Bg7 14. Ncb5
Qb6 15. Bf4 Na6 16. Bd6 Ne4 17. f3 Nxd6 18. Nxe6 Bh6+ 19. Kb1 fxe6 20. Qxe6+
Kf8 21. Nxd6 Qc7 22. Qf6+ Kg8 23. Rde1 Rf8 24. Qe6+ Kg7 25. Qe5+ Rf6 26. Qe7+
Qxe7 27. Rxe7+ Kg8 28. Re8+ Bf8 29. Nb7 Nc7 30. Rc8 Rf7 31. Na5 Kg7 32. Nc6 Bc5
33. Rxh8 Kxh8 34. Re1 Rf6 35. Ne5 Re6 36. f4 Kg7 37. Kc1 Kf6 38. g3 Bd6 39.
Ng4+ Kg7 40. Rf1 h5 41. Nf2 Ne8 42. Nd1 Rf6 43. Nc3 Nc7 44. Rd1 Rf5 45. b3 cxb3
46. axb3 Kf6 47. Kb2 Bb4 48. Ne2 Nb5 49. Ra1 d4 50. Ra6+ Kg7 51. h3 Rd5 52. Ra4
a5 53. g4 Nc3 0-1

[Event "DEM U12 2005"]
[Site "Willingen GER"]
[Date "2005.05.20"]
[Round "9"]
[White "Zimmerer, Leah"]
[Black "Kormann, Jewgenija"]
[Result "1-0"]
[Termination "normal"]
[Board "46"]
[WhiteElo "1243"]
[BlackElo "1210"]
[PlyCount "79"]
[WhiteFideId "4620240"]
[BlackFideId "24606669"]
[EventCountry "GER"]
[EventRounds "11"]
[EventType "swiss"]
[EventDate "2005.05.15"]

1. d4 d5 2. Bf4 Nf6 3. e3 Bg4 4. Qd3 Nc6 5. c3 e6 6. h3 Bh5 7. Nd2 Bg6 8. Qe2
Bd6 9. Ngf3 Bxf4 10. exf4 Ne7 11. Ne5 c6 12. g4 h6 13. Nxg6 Nxg6 14. f5 Nf8 15.
f4 Qe7 16. O-O-O exf5 17. Qxe7+ Kxe7 18. Re1+ Kd6 19. gxf5 Nh5 20. Rg1 Nd7 21.
Nf3 Rae8 22. Ne5 Nxe5 23. fxe5+ Kd7 24. Be2 Nf4 25. Rxg7 Nxe2+ 26. Rxe2 Ke7 27.
e6 Kf6 28. Rxf7+ Kg5 29. Rg2+ Kh5 30. Rgg7 Rb8 31. Rxb7 Rxb7 32. Rxb7 Rf8 33.
Rf7 Re8 34. e7 Kg5 35. f6 Kg6 36. Rf8 Rxe7 37. fxe7 Kh5 38. e8=Q+ Kh4 39. Qg6
h5 40. Rf4+ 1-0

[Event "DEM U12 2005"]
[Site "Willingen GER"]
[Date "2005.05.20"]
[Round "9"]
[White "Rogasch, Miriam"]
[Black "Thewes, Anna Christina"]
[Result "1-0"]
[Termination "normal"]
[Board "47"]
[WhiteElo "774"]
[BlackElo "918"]
[PlyCount "53"]
[WhiteFideId "4616324"]
[EventCountry "GER"]
[EventRounds "11"]
[EventType "swiss"]
[EventDate "2005.05.15"]

1. e4 e5 2. Nf3 Nc6 3. Nc3 Nf6 4. Bb5 Bc5 5. Nxe5 Nxe5 6. d4 Bd6 7. dxe5 Bxe5
8. Bd3 O-O 9. Ne2 d6 10. f4 Bxb2 11. Bxb2 Bg4 12. Qd2 Qe7 13. O-O Nxe4 14. Bxe4
Qxe4 15. Rfe1 Bf5 16. Qc3 f6 17. Nd4 Qxf4 18. Rf1 Qh6 19. Nxf5 Qh5 20. Qxc7 Rf7
21. Qxd6 Re8 22. Rae1 Rxe1 23. Rxe1 h6 24. Ng3 Qh4 25. Qb8+ Kh7 26. Qxa7 Rd7
27. Qa5 1-0

[Event "DEM U12 2005"]
[Site "Willingen GER"]
[Date "2005.05.20"]
[Round "9"]
[White "Weber, Max"]
[Black "Vyelina, Valeriya"]
[Result "1-0"]
[Termination "normal"]
[Board "48"]
[WhiteElo "1128"]
[BlackElo "885"]
[PlyCount "83"]
[WhiteFideId "4624831"]
[BlackFideId "24677345"]
[EventCountry "GER"]
[EventRounds "11"]
[EventType "swiss"]
[EventDate "2005.05.15"]

1. e4 e5 2. Nf3 Nc6 3. d4 exd4 4. Nxd4 Nf6 5. Nc3 Bb4 6. Nxc6 bxc6 7. Bd3 h6 8.
Bd2 d6 9. h3 O-O 10. O-O Re8 11. Re1 d5 12. exd5 Rxe1+ 13. Qxe1 cxd5 14. a3 Bc5
15. Qe2 c6 16. Re1 d4 17. Ne4 Nxe4 18. Qxe4 f5 19. Qxc6 Bd7 20. Qxc5 Qf6 21.
Qd5+ Kh7 22. Qxa8 a6 23. Qxa6 Bc6 24. Bxf5+ Qxf5 25. Qxc6 d3 26. Qe4 Qxe4 27.
Rxe4 dxc2 28. Rc4 c1=Q+ 29. Rxc1 g5 30. a4 Kg6 31. a5 h5 32. a6 g4 33. a7 gxh3
34. a8=Q hxg2 35. Qxg2+ Kf5 36. Rc5+ Ke6 37. Qb7 Kf6 38. Qc7 h4 39. Re5 h3 40.
Qe7+ Kg6 41. Rg5+ Kh6 42. Qg7# 1-0

[Event "DEM U12 2005"]
[Site "Willingen GER"]
[Date "2005.05.21"]
[Round "11"]
[White "Ma, Beini"]
[Black "Graf, Felix"]
[Result "1/2-1/2"]
[Termination "normal"]
[Board "1"]
[WhiteElo "1630"]
[BlackElo "2152"]
[PlyCount "60"]
[WhiteFideId "24630101"]
[BlackFideId "24608904"]
[EventCountry "GER"]
[EventRounds "11"]
[EventType "swiss"]
[EventDate "2005.05.15"]

1. c4 c6 2. Nc3 d5 3. cxd5 cxd5 4. d4 Nf6 5. Nf3 Nc6 6. Bf4 a6 7. Rc1 e6 8. e3
Bd6 9. Bg3 O-O 10. Bd3 Re8 11. O-O Bxg3 12. hxg3 Qd6 13. a3 h6 14. Bb1 b5 15.
b4 Bb7 16. Qd3 e5 17. dxe5 Nxe5 18. Nxe5 Qxe5 19. Ne2 Rac8 20. Qd4 Qe7 21. Ba2
Qd7 22. Nf4 Re4 23. Rxc8+ Qxc8 24. Qd2 Qd7 25. Nd3 Re7 26. Nc5 Ne4 27. Qd4 Nxc5
28. Qxc5 Qc7 29. Rc1 Qxc5 30. Rxc5 Rd7 1/2-1/2

[Event "DEM U12 2005"]
[Site "Willingen GER"]
[Date "2005.05.21"]
[Round "11"]
[White "Berchtenbreiter, Maximilian"]
[Black "Kaphle, Stephan"]
[Result "1-0"]
[Termination "normal"]
[Board "2"]
[WhiteElo "1631"]
[BlackElo "1954"]
[PlyCount "87"]
[WhiteFideId "24641120"]
[BlackFideId "24629103"]
[EventCountry "GER"]
[EventRounds "11"]
[EventType "swiss"]
[EventDate "2005.05.15"]

1. e4 c5 2. c3 d5 3. exd5 Qxd5 4. d4 Nc6 5. Nf3 Bg4 6. Be2 O-O-O 7. c4 Qd7 8.
d5 Bxf3 9. Bxf3 Nd4 10. O-O e5 11. Be3 f5 12. Re1 Bd6 13. b4 b6 14. Bxd4 exd4
15. Na3 g5 16. Re6 g4 17. Be2 a6 18. bxc5 Bxc5 19. Qb3 Qb7 20. Rb1 Ne7 21. Nc2
Rhe8 22. Bd3 Rf8 23. a4 a5 24. Na3 Rd6 25. Rbe1 Rxe6 26. Rxe6 Rg8 27. Nb5 Rg6
28. Rxg6 hxg6 29. Qb2 Qb8 30. Qe2 Qf4 31. Qe6+ Kd8 32. Qe2 Qc1+ 33. Qf1 Qxf1+
34. Kxf1 Kd7 35. Ke2 Nc8 36. f3 gxf3+ 37. Kxf3 Ne7 38. g4 fxg4+ 39. Kxg4 Ke8
40. Kf4 Kf7 41. Ke5 g5 42. Nxd4 Nc8 43. Nf5 Ne7 44. Nd6+ 1-0

[Event "DEM U12 2005"]
[Site "Willingen GER"]
[Date "2005.05.21"]
[Round "11"]
[White "Schäfer, Alexander"]
[Black "Zimmermann, Gordon"]
[Result "0-1"]
[Termination "normal"]
[Board "3"]
[WhiteElo "2035"]
[BlackElo "1686"]
[PlyCount "38"]
[WhiteFideId "24615196"]
[BlackFideId "24624330"]
[EventCountry "GER"]
[EventRounds "11"]
[EventType "swiss"]
[EventDate "2005.05.15"]

1. e4 e5 2. Nf3 Nc6 3. Bb5 a6 4. Bxc6 dxc6 5. O-O Bg4 6. h3 h5 7. d3 Qf6 8.
Nbd2 Bd6 9. Re1 Be6 10. d4 O-O-O 11. dxe5 Bxe5 12. Nxe5 Qxe5 13. Qe2 Nf6 14.
Nf3 Qc5 15. a4 Bc4 16. Qe3 Qxe3 17. Rxe3 Rd1+ 18. Kh2 Ng4+ 19. Kg3 Nxe3 0-1

[Event "DEM U12 2005"]
[Site "Willingen GER"]
[Date "2005.05.21"]
[Round "11"]
[White "Zelbel, Patrick"]
[Black "Wittke, Rene"]
[Result "1-0"]
[Termination "normal"]
[Board "4"]
[WhiteElo "1927"]
[BlackElo "1612"]
[PlyCount "109"]
[WhiteFideId "24624322"]
[BlackFideId "24640255"]
[EventCountry "GER"]
[EventRounds "11"]
[EventType "swiss"]
[EventDate "2005.05.15"]

1. e4 e5 2. Nf3 Nf6 3. Nc3 Nc6 4. d4 exd4 5. Nd5 d6 6. Nxd4 Be7 7. Bf4 O-O 8.
Nb5 Nxd5 9. exd5 Ne5 10. Be2 Bf5 11. O-O Bf6 12. Nd4 Bg6 13. Be3 h6 14. f4 Nd7
15. Bh5 Be4 16. Bf3 Re8 17. Re1 Nb6 18. Bxe4 Rxe4 19. Qd3 Re8 20. c4 Qd7 21.
Re2 c6 22. dxc6 bxc6 23. Rd1 Rad8 24. Nf3 Qe6 25. b3 d5 26. c5 Nd7 27. Rde1 Qg4
28. h3 Qh5 29. Qa6 d4 30. Bxd4 Rxe2 31. Qxe2 Bxd4+ 32. Nxd4 Qxc5 33. Qf2 Nf6
34. Nf3 Qxf2+ 35. Kxf2 Nd5 36. Kg3 Rd6 37. f5 g6 38. Re8+ Kg7 39. Ra8 gxf5 40.
Rxa7 Rg6+ 41. Kf2 Nf4 42. Ne5 Rf6 43. Rc7 Nd5 44. Rxc6 Nb4 45. Rxf6 Kxf6 46. a3
Nc2 47. Nc4 Nd4 48. b4 Ke6 49. Ke3 Kd5 50. Nb6+ Ke5 51. Nd7+ Kd5 52. Nb6+ Ke5
53. Kd3 Nc6 54. b5 Na5 55. Nc4+ 1-0

[Event "DEM U12 2005"]
[Site "Willingen GER"]
[Date "2005.05.21"]
[Round "11"]
[White "Aslan, Benjamin"]
[Black "Dünzel, Jonas"]
[Result "1-0"]
[Termination "normal"]
[Board "5"]
[WhiteElo "1507"]
[BlackElo "1516"]
[PlyCount "83"]
[WhiteFideId "24640298"]
[BlackFideId "24631167"]
[EventCountry "GER"]
[EventRounds "11"]
[EventType "swiss"]
[EventDate "2005.05.15"]

1. d4 Nf6 2. c4 g6 3. Nc3 Bg7 4. e4 d6 5. Nf3 O-O 6. Be2 e5 7. O-O Nc6 8. d5
Ne7 9. Ne1 Ne8 10. Be3 f5 11. f3 f4 12. Bf2 g5 13. c5 h5 14. cxd6 cxd6 15. Nc2
Nf6 16. h3 Kf7 17. Na3 Rg8 18. Nc4 Ne8 19. Nb5 b6 20. Qa4 Bb7 21. Nxa7 Nc8 22.
Nc6 Qc7 23. Qb3 Bxc6 24. dxc6 Kf8 25. Nxb6 Nxb6 26. Qxb6 Qxb6 27. Bxb6 Rc8 28.
Rfc1 Nc7 29. b4 Ke7 30. b5 Nxb5 31. Bxb5 Rb8 32. c7 Rxb6 33. c8=Q Rxc8 34. Rxc8
Rxb5 35. a4 Ra5 36. Rb8 Bf8 37. Rb5 Ra8 38. a5 Kd7 39. a6 Kc8 40. a7 Bh6 41.
Rc1+ Kd7 42. Rb7+ 1-0

[Event "DEM U12 2005"]
[Site "Willingen GER"]
[Date "2005.05.21"]
[Round "11"]
[White "Grimm, Pascal"]
[Black "Lingl, Xenia"]
[Result "1-0"]
[Termination "normal"]
[Board "6"]
[WhiteElo "1838"]
[BlackElo "1363"]
[PlyCount "103"]
[WhiteFideId "24620122"]
[EventCountry "GER"]
[EventRounds "11"]
[EventType "swiss"]
[EventDate "2005.05.15"]

1. c4 e5 2. Nc3 Nf6 3. g3 c6 4. Nf3 e4 5. Nd4 d5 6. cxd5 cxd5 7. d3 exd3 8.
Qxd3 h6 9. Bg2 b6 10. O-O Bb7 11. Re1 Be7 12. Nf5 Bb4 13. Nxg7+ Kf8 14. Nf5 Ng8
15. a3 Bxc3 16. Qxc3 Rh7 17. Qb4+ Ne7 18. Bxh6+ Ke8 19. Nd6+ Kd7 20. Nxb7 Qc7
21. Bf4 Qxb7 22. Qd6+ Ke8 23. Rac1 Na6 24. Bg5 Rd8 25. Qxe7+ Qxe7 26. Bxe7 Kxe7
27. Red1 Rh5 28. b4 Rd7 29. Bf3 Rg5 30. h4 Re5 31. Rd4 Nc7 32. a4 Ne6 33. Rd3
Kf6 34. e3 Kg7 35. Bg4 f5 36. f4 Re4 37. Bxf5 Re7 38. Bxe4 dxe4 39. Rdc3 Kf6
40. Rc6 Kf5 41. Kg2 Re8 42. Rd1 Re7 43. Rd5+ Kf6 44. Rdd6 Kf7 45. Rxe6 Rxe6 46.
Rxe6 Kxe6 47. h5 Kf6 48. g4 Kg7 49. g5 Kf7 50. h6 Kg6 51. f5+ Kh7 52. Kg3 1-0

[Event "DEM U12 2005"]
[Site "Willingen GER"]
[Date "2005.05.21"]
[Round "11"]
[White "Kartsev, Alexandr"]
[Black "Friedrich, Wiede"]
[Result "1/2-1/2"]
[Termination "normal"]
[Board "7"]
[WhiteElo "1600"]
[BlackElo "1739"]
[PlyCount "61"]
[WhiteFideId "24647110"]
[BlackFideId "24629537"]
[EventCountry "GER"]
[EventRounds "11"]
[EventType "swiss"]
[EventDate "2005.05.15"]

1. e4 c5 2. Nc3 Nc6 3. g3 g6 4. Bg2 Bg7 5. d3 e6 6. f4 Nge7 7. Nf3 O-O 8. O-O
d5 9. e5 a6 10. a4 Rb8 11. Bd2 Bd7 12. Ne2 b5 13. axb5 axb5 14. d4 c4 15. b4
Nc8 16. c3 Nb6 17. Qe1 Qc7 18. g4 Ra8 19. Qh4 Rxa1 20. Rxa1 Ra8 21. Rxa8+ Nxa8
22. Ng3 Qd8 23. f5 exf5 24. gxf5 Qxh4 25. Nxh4 Nb6 26. Kf2 Bf8 27. f6 Nd8 28.
Nf1 Ne6 29. Bf3 h5 30. Ng2 Kh7 31. Nfe3 1/2-1/2

[Event "DEM U12 2005"]
[Site "Willingen GER"]
[Date "2005.05.21"]
[Round "11"]
[White "Endress, Anna"]
[Black "Lobmeyer, Fabian"]
[Result "1/2-1/2"]
[Termination "normal"]
[Board "8"]
[WhiteElo "1725"]
[BlackElo "1616"]
[PlyCount "83"]
[WhiteFideId "24629472"]
[BlackFideId "24659681"]
[EventCountry "GER"]
[EventRounds "11"]
[EventType "swiss"]
[EventDate "2005.05.15"]

1. e4 c5 2. Nf3 Nc6 3. Nc3 Nf6 4. g3 d6 5. Bg2 g6 6. O-O Bg7 7. d3 O-O 8. h3 a6
9. a4 Rb8 10. Be3 b5 11. e5 Nd7 12. e6 Nde5 13. Nxe5 Nxe5 14. f4 Bxe6 15. fxe5
Bxe5 16. axb5 axb5 17. Qf3 Qc8 18. Kh2 b4 19. Nd1 b3 20. c3 c4 21. Bh6 Bg7 22.
Bxg7 Kxg7 23. d4 Bd7 24. Ne3 Bb5 25. Ra7 Qe6 26. Qe4 Qxe4 27. Bxe4 e6 28. Rfa1
d5 29. Bf3 Bc6 30. Ng4 Ra8 31. Ne5 Rxa7 32. Rxa7 Be8 33. Kg2 Kf6 34. Kf2 Rh8
35. Ke3 h6 36. h4 h5 37. Kf4 Rh7 38. Bg2 Rg7 39. Nf3 Rg8 40. Ng5 Rh8 41. Bh3
Rh6 42. Ra8 1/2-1/2

[Event "DEM U12 2005"]
[Site "Willingen GER"]
[Date "2005.05.21"]
[Round "11"]
[White "Huhnstock, Rico"]
[Black "Günnigmann, Manuel"]
[Result "0-1"]
[Termination "normal"]
[Board "9"]
[WhiteElo "1424"]
[BlackElo "1625"]
[PlyCount "124"]
[WhiteFideId "24642932"]
[BlackFideId "24640360"]
[EventCountry "GER"]
[EventRounds "11"]
[EventType "swiss"]
[EventDate "2005.05.15"]

1. e4 d5 2. exd5 Qxd5 3. Nc3 Qa5 4. d4 Nf6 5. Bd2 c6 6. Bc4 Bf5 7. Nd5 Qd8 8.
Nxf6+ gxf6 9. Ne2 e6 10. Bf4 Be7 11. Bd3 Bg6 12. Qd2 Nd7 13. O-O-O Nb6 14. Bg3
Qd7 15. Kb1 Nd5 16. a3 Bd6 17. Bxg6 hxg6 18. Nf4 Nxf4 19. Bxf4 O-O-O 20. Kc1
Kb8 21. h3 Ka8 22. Qe3 Qc7 23. Bxd6 Rxd6 24. Rd3 Rhd8 25. Rhd1 Qa5 26. Qf4 e5
27. dxe5 Rxd3 28. cxd3 Qxe5 29. Qxe5 fxe5 30. Kd2 Kb8 31. Re1 Rd5 32. Re3 Kc7
33. Re4 f5 34. Re3 Kd7 35. Kc3 b6 36. Rg3 Rd6 37. Re3 Rd5 38. Rg3 Rd6 39. Re3
Ke6 40. Rg3 Kf6 41. Re3 Rd4 42. g3 g5 43. Kc2 Rd8 44. Re1 Rh8 45. Rh1 a5 46.
Kc3 b5 47. b3 c5 48. f3 b4+ 49. axb4 cxb4+ 50. Kd2 Rc8 51. Rc1 Rxc1 52. Kxc1 f4
53. gxf4 gxf4 54. Kd2 Kg5 55. d4 exd4 56. Kd3 Kh4 57. Kxd4 Kxh3 58. Kd3 Kg2 59.
Ke2 Kg3 60. Ke1 Kxf3 61. Kf1 a4 62. bxa4 b3 0-1